[Event "Lleida-ch U16"]
[Site "Balaguer"]
[Date "2017.02.11"]
[Round "4.1"]
[White "Vila Ardiaca, Albert"]
[Black "Angles Roca, Joel"]
[Result "1-0"]
[WhiteElo "1728"]
[BlackElo "1776"]
[PlyCount "65"]
[EventDate "2017.01.14"]
[EventType "tourn"]
[EventRounds "5"]
[EventCountry "ESP"]
[SourceTitle "EXT 2024"]
[Source "ChessBase"]
[SourceDate "2023.10.10"]
[SourceVersion "1"]
[SourceVersionDate "2023.10.10"]
[SourceQuality "1"]

1. e4 c5 2. Nf3 e6 3. Be2 Nf6 4. d3 Be7 5. 0-0 0-0 6. Nc3 d5 7. e5 Nfd7 8. d4 cxd4 9. Qxd4 Nc6 10. Qg4 Ndxe5 11. Qg3 Nxf3+ 12. Bxf3 Bd6 13. Qg4 Ne5 14. Qg3 Nd3 15. Qg4 Nxc1 16. Raxc1 a6 17. Be2 Bc7 18. Bd3 Qd6 19. g3 b5 20. Ne4 dxe4 21. Qxe4 f5 22. Qxa8 Bd7 23. Qf3 Bc6 24. Qh5 Qd5 25. f3 Rf6 26. Rcd1 Rh6 27. Qg5 Qd4+ 28. Kg2 Qxb2 29. Qe7 Bb6 30. Qd6 e5 31. Qe7 Rf6 32. Bxf5 Qc3 33. Be6+ 1-0

[Event "Lleida-ch U16"]
[Site "Balaguer"]
[Date "2017.01.14"]
[Round "1.1"]
[White "Estruch Andreu, Guim"]
[Black "Vila Ardiaca, Albert"]
[Result "1-0"]
[WhiteElo "1863"]
[BlackElo "1728"]
[PlyCount "41"]
[EventDate "2017.01.14"]
[EventType "tourn"]
[EventRounds "5"]
[EventCountry "ESP"]
[SourceTitle "EXT 2024"]
[Source "ChessBase"]
[SourceDate "2023.10.10"]
[SourceVersion "1"]
[SourceVersionDate "2023.10.10"]
[SourceQuality "1"]

1. e4 e5 2. Nf3 Nc6 3. Bb5 a6 4. Ba4 Nf6 5. 0-0 b5 6. Bb3 Be7 7. c3 0-0 8. Re1 d6 9. d4 Bg4 10. Be3 Nxe4 11. Bd5 Qd7 12. Bxe4 d5 13. Bxh7+ Kxh7 14. dxe5 Qf5 15. Qxd5 Nxe5 16. Qxe5 Qd7 17. Bd4 Bf6 18. Qf4 Rfe8 19. Nbd2 Be7 20. Ne5 Bd6 21. Qxg4 1-0

[Event "Lleida-ch B"]
[Site "La Guardia"]
[Date "2015.11.22"]
[Round "8.10"]
[White "Vila Ardiaca, Albert"]
[Black "Pages Jane, Josep"]
[Result "1/2-1/2"]
[WhiteElo "1630"]
[BlackElo "1829"]
[PlyCount "155"]
[EventDate "2015.09.27"]
[EventType "swiss"]
[EventRounds "9"]
[EventCountry "ESP"]
[SourceTitle "EXT 2024"]
[Source "ChessBase"]
[SourceDate "2023.10.10"]
[SourceVersion "1"]
[SourceVersionDate "2023.10.10"]
[SourceQuality "1"]

1. e4 c5 2. Nf3 Nc6 3. d4 cxd4 4. Nxd4 Nf6 5. Nc3 a6 6. Be2 e6 7. Bg5 Be7 8. 0-0 0-0 9. Kh1 h6 10. Bh4 Qc7 11. Bg3 Qb6 12. Nb3 Rd8 13. Na4 Qa7 14. Bc7 Nxe4 15. Bb6 Qb8 16. Bxd8 Bxd8 17. Nd4 Bc7 18. g3 Qa7 19. Nxc6 dxc6 20. Kg2 b5 21. Bf3 Nxf2 22. Rxf2 bxa4 23. Bxc6 Bb7 24. Qd7 Bxc6+ 25. Qxc6 Bb6 26. Rf3 Rd8 27. Qxa4 Qb7 28. Raf1 g5 29. h4 Rd4 30. Qe8+ Kg7 31. Qxf7+ Qxf7 32. Rxf7+ Kg8 33. Rb7 Rd2+ 34. Kf3 Bc5 35. Rc7 Rxc2 36. b4 Rc3+ 37. Kg4 Rxg3+ 38. Kxg3 Bd6+ 39. Kg4 Bxc7 40. Rc1 Bd6 41. Rc6 Bxb4 42. Rxe6 a5 43. Ra6 gxh4 44. Kxh4 Kg7 45. Kh5 Bd2 46. a4 Kf7 47. Kg4 Kg7 48. Kf5 h5 49. Ra7+ Kh6 50. Ra8 Kg7 51. Rd8 Be1 52. Rd1 Bg3 53. Rd7+ Kh6 54. Ra7 Be1 55. Ra6+ Kh7 56. Kg5 h4 57. Ra7+ Kg8 58. Kf6 h3 59. Kg6 Kf8 60. Rh7 Ke8 61. Rxh3 Kd7 62. Rh1 Bb4 63. Rc1 Kd6 64. Kf5 Kd5 65. Kf6 Kd4 66. Ke6 Ba3 67. Rc6 Bb4 68. Kd7 Kd5 69. Kc7 Be1 70. Kb6 Bb4 71. Kb5 Be1 72. Ra6 Bb4 73. Rxa5 Bxa5 74. Kxa5 Kc6 75. Ka6 Kc7 76. Kb5 Kb7 77. a5 Ka7 78. a6 1/2-1/2